=LDR 00000nam 2200000 4500 =001 NUTBA000000000003105 =005 20140721151206.0 =006 =007 =008 =020 ##$$a 979-28-0636-36-6 =035 ##$$a 0010-071400000000293 =040 ##$$a NBPDMAT =082 ##$$a 372.7 =090 ##$$a 372.7 $b Dew k =100 ##$$a Dewi Marsiyah =245 ##$$a Kesebangunan / $c Dewi Marsyah ; editor, Ngapiningsih =260 ##$$a Klaten : $b Intan Pariwara, $c 2009 =300 ##$$a iv, 68 hlm. : $b ilus. ; $c 20 cm. =650 ##$$a Matematika SD =990 ##$$a 21404537 =990 ##$$a 21400613/BPAP-NTB/20142014 =990 ##$$a 21400613/BPAP-NTB/20142014 =990 ##$$a 21400613/BPAP-NTB/20142014 =990 ##$$a 21400613/BPAP-NTB/20142014 =990 ##$$a 21400613/BPAP-NTB/20142014